000 00407pam a2200157a 44500
008 230515b1983 xxu||||| |||| 00| 0 eng d
020 _aNULL
041 _aENGLISH
082 _a630
100 _a2720(PART-&&&&I) 1969
245 _aMETHODS OF TEST FOR SOILS PART XXXI FIELD DETERMINATION OF CALIFORNIA BEARING RATIO
250 _a1983
260 _aDELHI
_bISI
_c1983
300 _a11
650 _aNULL
999 _c652053
_d652053